Valtiot jotka desalinoi eniten vettä - Statistics

Yleistilastot
  • Tätä visaa on pelattu 17 kertaa
  • Keskiarvotulos 12 / 20
Vastaustilastot
Litraa Maanosa Valtio % Oikein
310 mrd. Oseania Australia
92%
12,810 mrd. Aasia Kiina
92%
200 mrd. Aasia Iran
83%
2,137 mrd. Aasia Saudi Arabia
83%
200 mrd. Afrikka Egypti
75%
420 mrd. Eurooppa Espanja
75%
533 mrd. Aasia Israel
75%
580 mrd. Pohjois-Amerikka Yhdysvallat
75%
65 mrd. Etelä-Amerikka Chile
67%
200 mrd. Eurooppa Italia
67%
2,040 mrd. Aasia Yhdistyneet arabiemiraatit
67%
77 mrd. Afrikka Etelä-Afrikka
58%
330 mrd. Aasia Oman
58%
631 mrd. Afrikka Algeria
50%
70 mrd. Afrikka Libya
50%
669 mrd. Aasia Qatar
50%
420 mrd. Aasia Kuwait
42%
242 mrd. Aasia Bahrain
25%
337 mrd. Eurooppa Kroatia
25%
94 mrd. Afrikka Kap Verde
0%
Ehtoja vastaavia visoja ei löytynyt
Tulosjakauma
Jokaisen tuloksen saaneiden osuus
Persentiili vastausten määrän mukaan
Tuloshistoriasi
Et ole pelannut tätä visaa